| 000 | 00586nam a2200205 a 4500 | ||
|---|---|---|---|
| 001 | 0336 | ||
| 005 | 20140414132018.0 | ||
| 008 | 040910s19uu xx 00 eng d | ||
| 020 | _a0-439-28337-X | ||
| 050 |
_aTR _bC61H 2001 |
||
| 100 | _aWeyn, Suzanne | ||
| 245 |
_aClifford's hiccups / _cadapted by Suzanne Weyn ; illustrated by Carolyn Bracken and Sandrina Kurtz. |
||
| 260 |
_aNew York : _bScholastic, _c2001. |
||
| 300 | _ap. ; cm. | ||
| 440 | _aClifford the big red dog | ||
| 650 |
_aDogs _xFiction. |
||
| 650 |
_aSickenss _xFiction. |
||
| 999 |
_c113399 _d113399 |
||